The Warsaw Rising of 1944 / (Record no. 23546)
[ view plain ]
| 000 -LEADER | |
|---|---|
| fixed length control field | 01103nam a2200289 a 4500 |
| 001 - CONTROL NUMBER | |
| control field | 23546 |
| 003 - CONTROL NUMBER IDENTIFIER | |
| rucl marc code | BD-RJUL |
| 005 - DATE AND TIME OF LATEST TRANSACTION | |
| control field | 20211209000937.0 |
| 008 - FIXED-LENGTH DATA ELEMENTS--GENERAL INFORMATION | |
| fixed length control field | 140311t1974 enkb b 001 0 eng d |
| 020 ## - INTERNATIONAL STANDARD BOOK NUMBER | |
| International Standard Book Number | 0521202035 |
| 035 ## - SYSTEM CONTROL NUMBER | |
| System control number | (BD-RJUL)23611 |
| 040 ## - CATALOGING SOURCE | |
| Original cataloging agency | DLC |
| Transcribing agency | DLC |
| Modifying agency | EQO |
| -- | BD-RjUL |
| Language of cataloging | eng |
| 041 1# - LANGUAGE CODE | |
| Language code of text/sound track or separate title | engpol |
| 082 04 - DEWEY DECIMAL CLASSIFICATION NUMBER | |
| Classification number | 940.534384 |
| Author mark and year | CIW 1974 |
| 100 1# - MAIN ENTRY--PERSONAL NAME | |
| Personal name | Ciechanowski, Jan M. |
| 9 (RLIN) | 72467 |
| 245 14 - TITLE STATEMENT | |
| Title | The Warsaw Rising of 1944 / |
| Statement of responsibility, etc. | [by] Jan M. Ciechanowski. |
| 260 ## - PUBLICATION, DISTRIBUTION, ETC. (IMPRINT) | |
| Place of publication, distribution, etc. | Cambridge : |
| Name of publisher, distributor, etc. | Cambridge University Press, |
| Date of publication, distribution, etc. | c1974. |
| 300 ## - PHYSICAL DESCRIPTION | |
| Pagination | xi, 332 p. : |
| Illustrations | map ; |
| Size | 22 cm. |
| 490 1# - SERIES STATEMENT | |
| Series statement | Soviet and East European studies |
| 500 ## - GENERAL NOTE | |
| General note | Rev. and abridged version of the author's thesis, The political and ideological background of the Warsaw Rising, 1944, University of London, 1968, and the Polish ed. published 1971 under title: Powstanie Warszawskie. |
| 504 ## - BIBLIOGRAPHY, ETC. NOTE | |
| Bibliography, etc | includes Bibliographical reference and index. |
| 651 #0 - SUBJECT ADDED ENTRY--GEOGRAPHIC NAME | |
| Geographic name | Warsaw (Poland) |
| General subdivision | History |
| Chronological subdivision | Uprising, 1944. |
| 9 (RLIN) | 72468 |
| 830 #0 - SERIES ADDED ENTRY--UNIFORM TITLE | |
| Uniform title | Soviet and East European studies |
| 942 ## - ADDED ENTRY ELEMENTS (KOHA) | |
| Source of classification or shelving scheme | Dewey Decimal Classification |
| Koha item type | Books |
| Lost status | Source of classification or shelving scheme | Damaged status | Not for loan | Collection code | Permanent Location | Current Location | Shelving location | Date acquired | Source of acquisition | Cost, normal purchase price | Total Checkouts | Full call number | Date last seen | Copy number | Koha item type |
|---|---|---|---|---|---|---|---|---|---|---|---|---|---|---|---|
| Dewey Decimal Classification | Added to bundle | Non-fiction | Central Library, University of Rajshahi | Central Library, University of Rajshahi | Reading Room | 03/06/1975 | johnathan & co. | 6.60 | 940.534384 CIW 1974 | 11/03/2014 | C-1 | Books |